| 000 | 01253cab a2200289 4500 | ||
|---|---|---|---|
| 001 | X97079 | ||
| 008 | 090401t1999 xxu||||| |||| 00| 0 eng d | ||
| 035 | _a(Sirsi) u91742 | ||
| 041 | _aeng | ||
| 245 | _aBrighton & Hove Council and Sainsbury`s Supermarkets Ltd and Wyncote Developments Plc | ||
| 260 | _c1999 | ||
| 350 | _a0 | ||
| 490 |
_aPlanning Appeal Decisions _v[1999] 14 P.A.D., 48-72(25) |
||
| 520 | _a23 September 1998. Mixed development- retail, B1, residential- in former goods yard near Brighton Station- failure to give notice of decision- refusal of permission- listed buildings nearby- outline applications- PPGs 1, 6, 13, 15- current transport policies- retail location policies- need for superstore- health of shoppping centre- Public Transport Accessibility Levels (PTALs)- reduction in car traveling. (TAKEN FROM JOURNAL HEADNOTE) | ||
| 650 | _aBRIGHTON AND HOVE CITY COUNCIL | ||
| 650 | _aMIXED-DEVELOPMENT | ||
| 650 | _aPPG1 | ||
| 650 | _aPPG15 | ||
| 650 | _aPLANNING POLICY GUIDANCE NOTE SIX | ||
| 650 | _aREFUSAL OF PERMISSION | ||
| 650 | _aRETAIL LOCATION POLICIES | ||
| 650 | _aSAINSBURYS | ||
| 650 | _aSUNDAY OPENING | ||
| 690 | _aPLANNING LAW AND PRACTICE-CASE LAW | ||
| 942 | _n0 | ||
| 948 | _c04/03/1999 | ||
| 999 |
_c58230 _d58230 |
||